Normal view
MARC view
- اللغة-اللغات الأجنبية
Entry Topical Term
001 - CONTROL NUMBER
- control field: 15649
003 - CONTROL NUMBER IDENTIFIER
- control field: JO-AjAnu
005 - DATE AND TIME OF LATEST TRANSACTION
- control field: 20230606072809.0
008 - FIXED-LENGTH DATA ELEMENTS
- fixed length control field: 230606|| aca||aabn | a|a d
040 ## - CATALOGING SOURCE
- Original cataloging agency: JO-AjAnu
- Transcribing agency: JO-AjAnu
150 ## - HEADING--TOPICAL TERM
- Topical term or geographic name entry element: اللغة-اللغات الأجنبية
670 ## - SOURCE DATA FOUND
- Source citation: Work cat.: (JO-AjAnu)8035: خرما,نايف تأليف/حجاج,علي م.مشارك, author 15648, اللغات الأجنبية تعليمها وتعلمها